| 000 | 00641nam a2200229Ia 4500 | ||
|---|---|---|---|
| 005 | 20220718164225.0 | ||
| 008 | 131103s9999 xx 000 0 und d | ||
| 020 |
_a8170338727 _cRs 625 |
||
| 040 | _aLoreto College | ||
| 041 | _aEnglish | ||
| 082 |
_a800 _bKAU |
||
| 100 | _aKaul, R.K.(1928 - 2003) | ||
| 245 |
_aLiterary debates _cR.K.Kaul. Edited by Sarojini, Urmil Talwar |
||
| 260 |
_aJaipur and New Delhi _bRawat Publications _c2004 |
||
| 300 | _axvi,312p | ||
| 504 | _aIncludes bibliographical references | ||
| 650 | _aLiterature | ||
| 700 |
_aSarojini _4ed. |
||
| 700 |
_aTalwar,Urmil _4ed. |
||
| 850 | _aLCLIB | ||
| 942 | _cBK | ||
| 999 |
_c5832 _d56311 |
||